Responses for Show #7179 - Thursday, November 26, 2015

Contestants

[<< previous game]

Rob Russell, a tutoring and testing director from Johnson City, Tennessee

Marie Halvorsen-Ganepola, a professor from Granger, Indiana

Ricky Hudson, a physical therapist from New York, New York (whose 1-day cash winnings total $17,199)

[next game >>]

Jeopardy! Round responses

PUZZLERS
NORTH & SOUTH
POLITICS, FOR SHORT
A LITTLE READING
MEASURING WHAT?
I'M IN LOVE WITH THAT SONG
    $200 8
(Rob: What is the frontal lobe?)
...
(Alex: There was a brain on the left and the right.)

the left brain

Rob
Triple Stumper
    $200 1
Chihuahua

Rob
    $200 11
Stuart Little

Ricky
    $200 14
(Rob: What are years?)
...
(Alex: If you're holding a Methuselah, you're holding a big bottle of [*].)

champagne

Rob
Triple Stumper
    $200 6
"Michelle"

Rob
    $400 9
a wormhole

Ricky
    $400 2
(Alex: Not quickly enough, Rob, sorry.)

the Lake District

Triple Stumper
    $400 13
I think I can

Marie
    $400 15
paper

Ricky
    $400 7
The Fugees

Ricky
    $600 10
[Alex shivers loudly before reading the clue.]
...
(Alex: We'll give you that.)

the door is ajar (a door ajar accepted)

Marie
    $600 3
Honduras & Guatemala

Rob
    $600 18
Meg, Jo, Beth & Amy

Marie
    $600 21
air pressure

Ricky
    $600 17
U2

Marie
    $800 12
"Ring Around The Rosie"

Marie
    $800 4
Papua New Guinea

Ricky
    $800 27
[The end-of-round signal sounds.]

Republican in name only

Rob
    $3,000 19
(Marie: Uh, I'm gonna guess, uh, The Secret Garden?)

Little Lord Fauntleroy

Marie
    $800 22
(Alex: Less than a minute now.)

a font type (or typeface)

Ricky
    $800 25
"At Last"

Rob
    $1000 16
a sliding scale

Rob
    $1000 5
Lithuania, Latvia & Estonia

Rob
    $1000 26
most favored nation

Rob
    $1000 20
the Big Woods

Marie
    $1000 23
the neck & sleeve

Rob
    $1000 24
"Paparazzi"

Triple Stumper

Scores at the first commercial break (after clue 15):

Ricky Marie Rob
$2,200 $1,800 $1,600

Scores at the end of the Jeopardy! Round:

Ricky Marie Rob
$3,600 $1,000 $6,200

Double Jeopardy! Round responses

GIVING THANKS
OUR "FREE"DOM
NATURE'S WONDERS
THE AMERICAN MILITARY
A BOUNTIFUL TABLE
MARY-LOUISE PARKER
    $400 1
donors

Ricky
    $400 2
(Marie: Uh... sorry.)

free throw percentage

RickyMarie
    $400 8
(Rob: What is moss?)

a mushroom

Rob
Triple Stumper
    $400 15
chaplains

Marie
    $400 11
brussels sprouts

Marie
    $800 7
Langley

Ricky
    $800 3
a free-for-all

Ricky
    $800 9
sage (or sagebrush)

Marie
    $800 21
lasagna

Marie
    $1200 13
(Rob: What is London?)
...
(Alex: The city is [*], the capital of Canada. Remember, he shot and killed the terrorist who had invaded Parliament Hill.)

Ottawa

Rob
Triple Stumper
    $1200 4
free verse

Rob
    $2,000 10
(Marie: What is iguana?)

a crocodile

Marie
    $1200 12
butternut

Rob
    $1200 25
[The end-of-round signal sounds.]

Angels in America

Triple Stumper
    $3,000 14
Winston Churchill

Rob
    $1600 5
(Marie: What is free-form?)

free-floating

Marie
Triple Stumper
    $1600 19
the chestnut

Rob
    $1600 16
leatherneck

Rob
    $1600 24
Helen Mirren

Rob
    $2000 18
Massasoit

Triple Stumper
    $2000 6
Freehold

Rob
    $2000 20
chimps

Marie
    $2000 17
Nevada

Triple Stumper
    $2000 22
a porterhouse

Ricky
    $2000 23
Brad Pitt

Rob

Scores at the end of the Double Jeopardy! Round:

Ricky Marie Rob
$8,000 $1,400 $18,800
(lock game)

[wagering suggestions for these scores]

Final Jeopardy! Round responses

NATO COUNTRIES
(Alex: [To Rob] He talks slow, but he performs well.)
MarieWhat is Belize?
$1,399
RickyWhat is Belgium?
$0
RobWhat is Iceland
$2,000
Iceland

Final scores:

Ricky Marie Rob
$8,000 $1 $20,800
2nd place: $2,000 3rd place: $1,000 New champion: $20,800

Game dynamics:

Coryat scores:

Ricky Marie Rob
$8,000 $6,400 $17,400
12 R,
0 W
11 R,
4 W
(including 2 DDs)
17 R
(including 1 DD),
4 W

Combined Coryat: $31,800

[game clues] [game scores] [suggest correction]

Game tape date: Unknown
The J! Archive is created by fans, for fans. Scraping, republication, monetization, and malicious use prohibited; this site may use cookies and collect identifying information. See terms. The Jeopardy! game show and all elements thereof, including but not limited to copyright and trademark thereto, are the property of Jeopardy Productions, Inc. and are protected under law. This website is not affiliated with, sponsored by, or operated by Jeopardy Productions, Inc. Join the discussion at JBoard.tv.